Statistics for Official UN Languages

Click here to take the quiz!

General Stats

  • This quiz has been taken 26,233 times
  • The average score is 6 of 6

Answer Stats

Language % Correct
English
100%
French
98%
Spanish
97%
Chinese
94%
Russian
85%
Arabic
78%

Score Distribution

Percentile by Number Answered

Percent of People with Each Score

Your Score History

You have not taken this quiz